000 00509nam a22001571 4500
082 0 0 _a530
_bSHR
_cL-6, P-30
100 1 _aShrader, J. E
_939750
245 1 0 _aManual of experiments in physics,
_cShrader, J. E
250 _a1st ed.
260 _aNew York,
_aLondon,
_bMcGraw-Hill book company, inc.,
_c1937.
300 _axv, 262 p.:
_billus., diagrs.
_c24 cm.
526 _a0
_b0
_c0
_d530_000000000000000_SHR
650 0 _aPhysics
_xLaboratory manuals.
_939751
700 _aShrader, J. E
_939750
942 _2ddc
_cBK
999 _c544192
_d544192